Cargando…

Sappho in the Holy Land : Lesbian Existence and Dilemmas in Contemporary Israel /

Detalles Bibliográficos
Clasificación:Libro Electrónico
Otros Autores: Shadmi, Erella, Frankfort-Nachmias, Chava
Formato: Electrónico eBook
Idioma:Inglés
Publicado: Albany : State University of New York Press, 2005.
Colección:Book collections on Project MUSE.
Temas:
Acceso en línea:Texto completo

MARC

LEADER 00000cam a22000004a 4500
001 musev2_4891
003 MdBmJHUP
005 20230905040605.0
006 m o d
007 cr||||||||nn|n
008 040206s2005 nyu o 00 0 eng d
010 |z  2004042991 
020 |a 9780791483909 
020 |z 0791483908 
020 |z 9780791463178 
020 |z 0791463176 
035 |a (OCoLC)62750501 
040 |a MdBmJHUP  |c MdBmJHUP 
043 |a a-is--- 
050 0 4 |a HQ75.16.I75  |b S27 2005 
082 0 |a 306.76/63/08992405694  |2 22 
245 0 0 |a Sappho in the Holy Land :   |b Lesbian Existence and Dilemmas in Contemporary Israel /   |c edited by Chava Frankfort-Nachmias & Erella Shadmi. 
264 1 |a Albany :  |b State University of New York Press,  |c 2005. 
264 3 |a Baltimore, Md. :  |b Project MUSE,   |c 2012 
264 4 |c ©2005. 
300 |a 1 online resource (289 pages). 
336 |a text  |b txt  |2 rdacontent 
337 |a computer  |b c  |2 rdamedia 
338 |a online resource  |b cr  |2 rdacarrier 
504 |a Includes bibliographical references and index. 
588 |a Description based on print version record. 
650 0 |a Jewish lesbians  |z Israel  |x Identity. 
650 0 |a Jewish lesbians  |x Political activity  |z Israel. 
650 0 |a Jewish lesbians  |z Israel. 
655 7 |a Electronic books.   |2 local 
700 1 |a Shadmi, Erella. 
700 1 |a Frankfort-Nachmias, Chava. 
710 2 |a Project Muse.  |e distributor 
830 0 |a Book collections on Project MUSE. 
856 4 0 |z Texto completo  |u https://projectmuse.uam.elogim.com/book/4891/ 
945 |a Project MUSE - Custom Collection 
945 |a Project MUSE - Archive Complete Foundation 
945 |a Project MUSE - Archive Global Cultural Studies Foundation 
945 |a Project MUSE - Archive Jewish Studies Foundation